| 000 | 02047cam a22004457i 4500 | ||
|---|---|---|---|
| 942 | _cBK | ||
| 999 |
_c723 _d723 |
||
| 001 | 20491348 | ||
| 003 | OSt | ||
| 005 | 20250420134822.0 | ||
| 008 | 180510t20182018waua 001 0 eng d | ||
| 010 | _a 2018944197 | ||
| 015 |
_aGBB8E0827 _2bnb |
||
| 016 | 7 |
_a018994675 _2Uk |
|
| 020 |
_a9781509307760 _q(paperback) |
||
| 035 | _a(OCoLC)on1043027806 | ||
| 040 |
_aTOH _beng _cKCST _erda _dUUC |
||
| 050 | 0 | 0 |
_aQA76.73.C154 _bS5345 2018 |
| 082 | 0 | 4 |
_a005.133 _223 _bSh Mi |
| 100 | 1 |
_aSharp, John, _d1964- _eauthor. _95433 |
|
| 245 | 1 | 0 |
_aMicrosoft Visual C♯ step by step / _cJohn Sharp. |
| 246 | 3 | 0 | _aVisual C♯ step by step |
| 246 | 3 | _aMicrosoft Visual C sharp step by step | |
| 246 | 3 | _aMicrosoft Visual C# step by step | |
| 250 | _a9 | ||
| 260 |
_a[not identified]: _bPearson; _c2018. |
||
| 300 |
_axxxiii, 791 pages : _billustrations ; _c23 cm |
||
| 490 | 1 | _aStep by step | |
| 500 | _a"Intermediate"--Cover | ||
| 500 | _aIncludes index. | ||
| 500 | _a"Published with the authorization of Microsoft Corporation by Pearson Education, Inc."--Title page verso. | ||
| 505 | 0 | _aIntroducing Microsoft Visual C♯ and Microsoft Visual Studio 2017 -- Understanding the C♯ object model -- Defining extensible types with C♯ -- Building Universal Windows Platform applications with C♯. | |
| 520 | _a"Expand your expertise--and teach yourself the fundamentals of programming with the latest version of Visual C♯ with Visual Studio 2017. If you are an experienced software developer, you'll get all the guidance, exercises, and code you need to start building responsive, scalable, cloud-connected applications that can run almost anywhere."--Back cover. | ||
| 630 | 0 | 0 |
_aMicrosoft Visual C♯. _95434 |
| 630 | 0 | 7 |
_aMicrosoft Visual C# _2fast _0(OCoLC)fst01787213 _95435 |
| 650 | 0 |
_aObject-oriented programming (Computer science) _9499 |
|
| 650 | 0 |
_aC# (Computer program language) _9162 |
|
| 650 | 0 |
_aVisual programming (Computer science) _95436 |
|
| 830 | 0 |
_aStep by step (Redmond, Wash.) _95437 |
|
| 942 | _2ddc | ||